000 00653nam a2200253Ia 4500
008 160321s9999||||xx |||||||||||||| ||und||
040 _cMarathi
082 _aXI.A/Chaytor
082 _bBORI-107810
100 _aH. J. Chaytor
245 4 _aThe History Of Israel And Judah
300 _a145 to 311
300 _cA
300 _eHardbound
530 _u00045196.pdf
563 _aStudy
600 _aH. J. Chaytor
630 _aThe History Of Israel And Judah
650 _a"Politics ,History + Histography"
650 _aGeneral Indology
700 _aH. J. Chaytor
730 _aThe History Of Israel And Judah
942 _cBOOK
999 _c1375176
_d1375173